Optics / (Record no. 30665)

MARC details
000 -LEADER
fixed length control field 01000nam a2200229 a 4500
005 - DATE AND TIME OF LATEST TRANSACTION
control field 20090924140748.0
008 - FIXED-LENGTH DATA ELEMENTS--GENERAL INFORMATION
fixed length control field 061228s2007 ii ab 000 0 eng
010 ## - LCCN (DPL NO)
LC control number ENG-95053
020 ## - INTERNATIONAL STANDARD BOOK NUMBER
International Standard Book Number 9788190801584
Terms of availability 120.00
035 ## - SYSTEM CONTROL NUMBER
System control number EN-78586
037 ## - SOURCE OF ACQUISITION
Source of stock number/acquisition DBAD / PUB
040 ## - CATALOGING SOURCE
Original cataloging agency dpl
Language of cataloging English
082 ## - DEWEY DECIMAL CLASSIFICATION NUMBER
Classification number 535
100 ## - MAIN ENTRY--PERSONAL NAME
Personal name Ferdinand, A. Christy
245 ## - TITLE STATEMENT
Title Optics /
Statement of responsibility, etc by A. Christy Ferdinand
260 ## - PUBLICATION, DISTRIBUTION, ETC. (IMPRINT)
Place of publication, distribution, etc Chidambaram
Name of publisher, distributor, etc Jayapriya Publications
Date of publication, distribution, etc 2008
270 ## - ADDRESS
Address No. 113 C. Kothangudi Street,
City Chidambaram
Postal code 608001
300 ## - PHYSICAL DESCRIPTION
Extent 166p.
Dimensions 21cm(pbk)
520 ## - SUMMARY, ETC.
Summary, etc Contributed articles chiefly on the politics of Jammu and Kashmir, insurgency and terrorism in the state, and relations with Pakistan with special reference to these conditions in the aftermath of the earthquake on October 8, 2005.
942 ## - ADDED ENTRY ELEMENTS (KOHA)
Source of classification or shelving scheme Dewey Decimal Classification
Item type English Books
Call number suffix FER
Classification part 535
Holdings
Withdrawn status Lost status Source of classification or shelving scheme Damaged status Not for loan Collection code Home library Current library Date acquired Source of acquisition Cost, normal purchase price Total Checkouts Full call number Barcode Date last seen Copy number Cost, replacement price Koha item type
    Dewey Decimal Classification   Not For Loan Non-fiction D.B.Act.Division D.B.Act.Division 24/09/2009 DBAD / PUB 120.00   535 FER EN-78586 24/09/2009 1 120.00 English Books

© Delhi Public Library
Hit Counter
free hit counter